Historia del Derecho Civil Peruano. Siglos XIX y XX.
Salvato in:
| Autore principale: | |
|---|---|
| Natura: | Libro |
| Lingua: | spagnolo |
| Pubblicazione: |
Lima, Perú:
Pontificia Universidad Católica del Perú,
2000 - 2011.
|
| Edizione: | Primera edición. |
| Soggetti: | |
| Tags: |
Aggiungi Tag
Nessun Tag, puoi essere il primo ad aggiungerne!!
|
MARC
| LEADER | 00000nam a2200000 a 4500 | ||
|---|---|---|---|
| 001 | UCO7871 | ||
| 003 | CL-VaPUC | ||
| 005 | 20220822114347.0 | ||
| 008 | 001124e20000000PE |||||||||||||||||spa|d | ||
| 999 | |c 292714 |d 292712 | ||
| 020 | |a 997-42-344-1 (obra completa) | ||
| 020 | |a 9972-42-345-X (t.I) | ||
| 020 | |a 9972-42-392-1 (t. II) | ||
| 020 | |a 9972-42-467-7 (t. III) | ||
| 020 | |a 9972-42-556-8 (t. IV) | ||
| 020 | |a 9972-42-741-2 (t. V, v.2) | ||
| 020 | |a 997-42-780-3 (t. VI, v.1) | ||
| 020 | |a 998-9972-42-878-4 (t. VI, v.2) | ||
| 020 | |a 978-9972-42-951-4 (t. VI, v.3) | ||
| 020 | |a 978-9972-42-982-8 (t. VII) | ||
| 040 | |c Pontificia Universidad Católica de Valparaíso | ||
| 082 | 0 | 4 | |a 346.85 RAM 2000 (t.I) |2 21 |
| 082 | 0 | 4 | |a 346.85 RAM 2001 (t.II) |2 21 |
| 082 | 0 | 4 | |a 346.85 RAM 2002 (t.III) |2 21 |
| 082 | 0 | 4 | |a 346.85 RAM 2005 (t.V, v.1) |2 21 |
| 082 | 0 | 4 | |a 346.85 RAM 2006 (t.V, v.2) |2 21 |
| 082 | 0 | 4 | |a 346.85 RAM 2006 (t. VI, v.1) |2 21 |
| 082 | 0 | 4 | |a 346.85 RAM 2009 (t. VI, v.2) |2 21 |
| 082 | 0 | 4 | |a 346.85 RAM 2011 (t. VI, v.3) |2 21 |
| 082 | 0 | 4 | |a 346.85 RAM 2011 (t. VII) |2 21 |
| 100 | 0 | |a Ramos Núñez, Carlos Augusto |e autor |9 452633 | |
| 245 | 1 | 0 | |a Historia del Derecho Civil Peruano. |b Siglos XIX y XX. |
| 250 | |a Primera edición. | ||
| 260 | |a Lima, Perú: |b Pontificia Universidad Católica del Perú, |c 2000 - 2011. | ||
| 300 | |a 7 Tomos. | ||
| 500 | |a c.2 Tomo I: Donación Familia Prof. Alejandro Guzmán Brito. c.2 Tomo III: Donación Familia Prof. Alejandro Guzmán Brito. c.1 Tomo IV: Donación Familia Prof. Alejandro Guzmán Brito. c.2 Tomo V, volumen 2: Donación Familia Prof. Alejandro Guzmán Brito. c.1 Tomo V, volumen 1: Donación Familia Prof. Alejandro Guzmán Brito. c.1 Tomo VI, volumen 1: Donación Familia Prof. Alejandro Guzmán Brito. c.1 Tomo VI, volumen 2: Donación Familia Prof. Alejandro Guzmán Brito. c.1 Tomo VI, volumen 3: Donación Familia Prof. Alejandro Guzmán Brito. c.1 Tomo VII: Donación Familia Prof. Alejandro Guzmán Brito. | ||
| 505 | |a t.I: El orbe jurídico ilustrado y Manuel Lorenzo de Vidaurre. t.II: La codificación del siglo XIX: Los códigos de la Confederación y el Código Civil de 1852. t.III: Los jurisconsultos: El Murciélago y Francisco García Calderón. t.IV: Legislación, abogados y exégetas. t.V: Los signos del cambio. v.1: Los repertorios y el periodismo. t.VI: El Código de 1936. v.1: Los artífices. t.VI: El Código de 1936. v.2: La génesis y las fuentes. t.VI: El Código de 1936. v.3: El bosque institucional. t.VII: La dogmática en triunfo. | ||
| 583 | |a last modification |c 20161026 01:34:03 |k Rodrigo Vera | ||
| 600 | 0 | 7 | |a Lorenzo de Vidaurre, Manuel |2 CL-VaPUC |9 452634 |
| 650 | 0 | |a Derecho civil |9 255013 | |
| 650 | 0 | |a Historia del derecho |9 255109 | |
| 650 | 0 | |a Derecho civil peruano |2 CL-VaPUC |9 452635 | |
| 942 | |c BK |2 ddc |n 0 | ||
| 945 | |d 20001124 00:00:00 |a vberengu | ||
| 952 | |0 0 |1 0 |4 0 |6 346_850000000000000_RAM_2000 |7 0 |8 DER_HDC |9 343772 |a BIBDER |b BIBDER |d 2019-11-20 |h t.1 |i 3650626 |o 346.85 RAM 2000 |p 3650626 |r 2023-01-25 |w 2019-11-20 |x Ubicación 4to Piso |y BK |z Estos recursos deben solicitarse con anticipación |k DER | ||
| 952 | |0 0 |1 0 |4 0 |6 346_850000000000000_RAM_2000 |7 0 |8 DER_HDC |9 343773 |a BIBDER |b BIBDER |d 2019-11-20 |h t.5 v.2 |i 4330749 |o 346.85 RAM 2000 |p 4330749 |r 2023-01-25 |w 2019-11-20 |x Ubicación 4to Piso |y BK |z Estos recursos deben solicitarse con anticipación |k DER | ||